00385nam a2200133Ia 4500008004100000020001500041041001200056082001600068100001600084245008600100260004100186300000800227650001600235221030s9999 xx 000 0 und d a8178089947 aEnglish a105.23bCom aD. E. Comer 0aNetwork Systems Design Using Network Processors Intel IXP Versioncby D. E. Comer bPearson EducationaNew Delhic2003 a515 aBE Computer